| 000 | 00997nam a22002537a 4500 | ||
|---|---|---|---|
| 003 | OSt | ||
| 005 | 20251125162546.0 | ||
| 008 | 251125b |||||||| |||| 00| 0 eng d | ||
| 020 | _a0-205-41060-X. | ||
| 040 |
_aDWCL-Main lib _cOC |
||
| 082 | _aCirc. 428 H565m 2005 | ||
| 100 | _aHerrera, Socorro G. | ||
| 245 |
_aMastering ESL and bilingual methods : _bdifferentiated instruction for culturally and linguistically (CLD) students _cHerrera, Socorro G. |
||
| 260 |
_aBoston : _bPearson Education, Inc., _cc2005. |
||
| 300 |
_axxi, 405 pages : _billustration ; _c23 cm. |
||
| 504 | _aIncludes bibliographical references and index. | ||
| 650 | _21. Bilingualism-United States. | ||
| 650 | _22. English language-Study and teaching-Foreign speakers. | ||
| 650 | _23. English language-Study and teaching-United States. | ||
| 650 | _24. Language and culture-United States. | ||
| 650 | _25. Multicultural education-United States. | ||
| 700 | _aMurray, Kevin G. | ||
| 942 |
_2ddc _cBK-CIRC _kCirc. _n0 |
||
| 999 |
_c6318 _d6318 |
||